000 00677nam a2200241Ia 4500
003 OSt
005 20230518095713.0
008 210423s2014 xx 000 0 und d
020 _a978-93-8085353-74-1
040 _cAL
041 _aeng
082 _a576
_223
_bPOMA
100 _aPOMMERVILLE (Jeffrey)
_941328
245 _aAlcamos fundamentals of microbiology Ed 10
250 _a10
260 _aNew Delhi
_bJones & Bartlett Publishers
_c2014
300 _axxxi,924
_bPB
365 _b2795
_cINR
440 _aJones and bartlett student edition
_941329
650 _aMicrobiology
_941330
906 _a10 ; Alcamos ; fundamentals ; microbiology
942 _2ddc
_cBK
999 _c165008
_d165008